| 000 | 00659nam a2200265Ia 4500 | ||
|---|---|---|---|
| 005 | 20260121171030.0 | ||
| 008 | 008 260114s9999 xx 000 0 eng d | ||
| 020 | _a9789811330711 | ||
| 037 | _aEBOOK | ||
| 040 | _aCRL | ||
| 040 | _beng | ||
| 040 | _cCRL | ||
| 041 | _2eng | ||
| 041 | _aeng | ||
| 084 | _qCRL | ||
| 100 |
_aChee-Kit Looi, Lung-Hsiang Wong, Christian Glahn, Su Cai _91071190 |
||
| 245 | 0 | _aSeamless Learning | |
| 260 | _bSpringer | ||
| 260 | _bSpringer | ||
| 260 | _c2019 | ||
| 856 | _uhttps://link.springer.com/openurl?genre=book&isbn=978-981-13-3071-1 | ||
| 942 | _cEBOOK | ||
| 999 |
_c1636920 _d1636920 |
||